Alle germanischen Sprachen auf einer Karte - Statistiken

Allgemein
  • Dieses Quiz wurde 236 mal gespielt
  • Das Durchschnittsergebnis liegt bei 15 aus 25
Antworten auf der Karte
Die Antworten werden auf der Karte rot bzw. grün angezeigt, abhängig davon wie oft sie richtig erraten wurden.
 
Antwortstatistiken
Unterteilung Dialekt von: L1 Sprache % Korrekt
West (Nordsee) - 360 m Englisch
97%
West (Weser-Rhein) - 24 m Niederländisch
96%
Nord (Kontinental) - 11 m Schwedisch
96%
Nord (Kontinental) - 5.5 m Dänisch
95%
West (Elbe) - 95 m Deutsch
95%
Nord (Kontinental) - 5.2 m Norwegisch
95%
Nord (Insel) - 330 k Isländisch
94%
West (Weser-Rhein) - 7.2 m Afrikaans
76%
West (Elbe) Deutsch 14 m Bairisch
76%
West (Elbe) Deutsch 2.0 m Obersächsisch
65%
West (Nordsee) Friesisch 10 k Nord Friesisch
63%
West (Nordsee) Friesisch 2.0 k Saterfriesisch
63%
West (Nordsee) English 110 k Schottisch
63%
West (Nordsee) Friesisch 470 k West Friesisch
63%
West (Nordsee) Deutsch 1.0 m Plattdeutsch
61%
West (Elbe) Deutsch 820 k Schwäbisch
58%
West (Elbe) Deutsch 4.9 m Mainfränkisch
50%
West (Elbe) Deutsch 5.0 m Schweizerdeutsch
50%
West (Elbe) Deutsch 336 k Luxemburgisch
43%
West (Elbe) Deutsch 11 k Schlesisch
39%
West (Elbe) Deutsch 1.0 m Pfälzisch
34%
Nord (Insel) - 66 k Färingisch
22%
West (Weser-Rhein) Niederländisch 1.3 m Limburgisch
14%
West (Elbe) Deutsch 900 k Ripuarisch
7%
West (Elbe) - 70 Wymysorys
1%
Keine übereinstimmenden Quizze gefunden
Verteilung der Resultate
Anzahl Personen mit jedem Resultat
Perzentil nach korrekt beantworteten Fragen
Ihre Resultats-Entwicklung
Sie haben dieses Quiz noch nicht gespielt